Optimization of fluorine obtaining processing; Bulletin of the Tomsk Polytechnic University; Vol. 311, № 3

書誌詳細
Parent link:Bulletin of the Tomsk Polytechnic University/ Tomsk Polytechnic University (TPU).— , 2006-2007
Vol. 311, № 3.— 2007.— [P. 42-45]
第一著者: Liventsova N. V. Nina Vladimirovna
要約:Заглавие с титульного листа
Электронная версия печатной публикации
Integrated efficiency functional of fluorine obtaining processing for determining optimal temperature and concentrate magnitudes by the method of multiparameter optimization has been developed. Analytic dependences of HF vapor pressure over the melt KF-HF, activation energy of specific conductivity and viscosity in operating range of controlled variable were obtained
言語:英語
出版事項: 2007
シリーズ:Chemistry
主題:
オンライン・アクセス:http://www.lib.tpu.ru/fulltext/v/Bulletin_TPU/2007/v311eng/i3/10.pdf
フォーマット: MixedMaterials 電子媒体 図書の章
KOHA link:https://koha.lib.tpu.ru/cgi-bin/koha/opac-detail.pl?biblionumber=182984

MARC

LEADER 00000nla2a2200000 4500
001 182984
005 20231226092754.0
035 |a (RuTPU)RU\TPU\book\198358 
035 |a RU\TPU\book\198357 
090 |a 182984 
100 |a 20100630d2007 k y0rusy50 ca 
101 1 |a eng  |c rus 
102 |a RU 
135 |a drnn ---uucaa 
200 1 |a Optimization of fluorine obtaining processing  |f N. V. Liventsova 
203 |a Text  |c electronic 
215 |a 1 файл (315 Кб) 
225 1 |a Chemistry 
300 |a Заглавие с титульного листа 
300 |a Электронная версия печатной публикации 
320 |a [Bibliography: p. 42 (9 titles)] 
330 |a Integrated efficiency functional of fluorine obtaining processing for determining optimal temperature and concentrate magnitudes by the method of multiparameter optimization has been developed. Analytic dependences of HF vapor pressure over the melt KF-HF, activation energy of specific conductivity and viscosity in operating range of controlled variable were obtained 
337 |a Adobe Reader 
461 1 |0 (RuTPU)RU\TPU\book\169973  |t Bulletin of the Tomsk Polytechnic University  |f Tomsk Polytechnic University (TPU)  |d 2006-2007 
463 1 |0 (RuTPU)RU\TPU\book\198345  |x 1684-8519  |t Vol. 311, № 3  |v [P. 42-45]  |d 2007  |p 121 p. 
610 1 |a optimization 
610 1 |a fluorine 
610 1 |a optimal temperature 
610 1 |a magnitudes 
610 1 |a multiparameter optimization 
610 1 |a analytic dependences 
610 1 |a HF vapor pressure 
610 1 |a energy 
610 1 |a conductivity 
610 1 |a viscosity 
610 1 |a труды учёных ТПУ 
610 1 |a электронный ресурс 
675 |a 66.011  |v 3 
700 1 |a Liventsova  |b N. V.  |c Specialist in the field of automatic control  |c Associate Professor of Tomsk Polytechnic University, Candidate of technical sciences  |f 1979-  |g Nina Vladimirovna  |3 (RuTPU)RU\TPU\pers\32620  |9 16532 
801 1 |a RU  |b 63413507  |c 20090623  |g PSBO 
801 2 |a RU  |b 63413507  |c 20150911  |g PSBO 
856 4 |u http://www.lib.tpu.ru/fulltext/v/Bulletin_TPU/2007/v311eng/i3/10.pdf 
942 |c CF